| 000 | 00459nam a22001697a 4500 | ||
|---|---|---|---|
| 003 | BD-ChCU | ||
| 005 | 20251208143935.0 | ||
| 008 | 251208b bg ||||| |||| 00| 0 ben d | ||
| 040 | _cBD-ChCU | ||
| 082 | _a658 STH | ||
| 100 |
_aStephenson, Howard .ed. _917728 |
||
| 245 |
_aHandbook of public relations.// _cHoward Stephenson. ed |
||
| 260 |
_aNew York. _bMcGraw-Hill _c1960 |
||
| 300 | _axiii, 855p | ||
| 650 | 0 |
_aManagement. _917730 |
|
| 942 |
_2ddc _cBK _n0 |
||
| 999 |
_c110246 _d110246 |
||